| 000 | 00598 a2200181 4500 | ||
|---|---|---|---|
| 999 |
_c8893 _d8893 |
||
| 020 | _a0431116482 | ||
| 050 | _aN 6494 HOL 2003 | ||
| 100 |
_aHolme, Merilyn _eauthor |
||
| 245 |
_aExpressionists/ _cMerilyn Holme & Bridget McKenzie |
||
| 264 |
_aOxford : _bHeinemann _c2003 |
||
| 300 |
_a64 p. : _bIll. (col.) |
||
| 500 | _aBibliographical references and index | ||
| 650 | _aExpressionism (Art) -- Juvenile literature. | ||
| 650 |
_aExpressionism (Art)y -- Juvenile literature. _x Germany |
||
| 650 | _a Expressionism (Art) | ||
| 700 |
_aMcKenzie, Bridget _eauthor |
||
| 942 |
_2lcc _cBK _h6494 _iHOL _kN |
||